Мысль и действие (Запись № 846409)

Подробности
000 -МАРКЕР
контрольное поле 01206nam0a2200301 4500
001 - ИДЕНТИФИКАТОР ЗАПИСИ
контрольное поле RU\NLR\bibl\150593
005 - ИДЕНТИФИКАТОР ВЕРСИИ
контрольное поле 20250618051044.0
010 ## - МЕЖДУНАРОДНЫЙ СТАНДАРТНЫЙ НОМЕР КНИГИ (ISBN)
Номер (ISBN) 5-7281-0285-9
Тираж 1000
021 ## - НОМЕР ГОСУДАРСТВЕННОЙ РЕГИСТРАЦИИ
Код страны Российская Федерация
Номер 2000-51793
Номер Листа государственной регистраци 2386
035 ## - ДРУГИЕ СИСТЕМНЫЕ НОМЕРА
Идентификатор записи (NLR Aleph) 000147608
100 ## - ДАННЫЕ ОБЩЕЙ ОБРАБОТКИ
Данные общей обработки 20010420d2000 |||y0rusy50 ca
101 0# - ЯЗЫК РЕСУРСА
Язык текста, звукозаписи и т.д. русский
102 ## - СТРАНА ПУБЛИКАЦИИ ИЛИ ПРОИЗВОДСТВА
Страна публикации Российская Федерация
105 ## - ПОЛЕ КОДИРОВАННЫХ ДАННЫХ: ТЕКСТОВЫЕ МАТЕРИАЛЫ, МОНОГРАФИЧЕСКИЕ
Кодированные данные о монографическом текстовом документе a |||||||||
200 1# - ЗАГЛАВИЕ И СВЕДЕНИЯ ОБ ОТВЕТСТВЕННОСТИ
Основное заглавие Мысль и действие
Сведения, относящиеся к заглавию Философия истории. Эстетика. Критика. Публицистика. Воспоминания. Письма
Первые сведения об ответственности Борис Шрагин
Последующие сведения об ответственности [Рос. гос. гуманит. ун-т]
210 ## - ПУБЛИКАЦИЯ, РАСПРОСТРАНЕНИЕ И ДР.
Место издания, распространения и т.д. М.
Имя издателя, распространителя и т. д. Рос. гос. гуманит. ун-т
Дата издания, распространения и т.д. 2000
215 ## - ФИЗИЧЕСКАЯ ХАРАКТЕРИСТИКА
Специфическое обозначение материала и объем 473,[4] с.
Другие сведения о физической характеристике ил., портр.
Размеры 22
320 ## - ПРИМЕЧАНИЯ О НАЛИЧИИ В ДОКУМЕНТЕ БИБЛИОГРАФИИ / УКАЗАТЕЛЯ
Текст примечания Библиогр. в подстроч. прим.
606 0# - НАИМЕНОВАНИЕ ТЕМЫ КАК ПРЕДМЕТ
Наименование темы Социальная философия
Формальный подзаголовок Сборники
Географический подзаголовок Россия
Хронологический подзаголовок 20 в.
Системный номер авторитетной/нормативной записи 2146634
Идентификатор авторитетной/нормативной записи RU\NLR\auth\661293219
686 ## - ИНДЕКСЫ ДРУГИХ КЛАССИФИКАЦИЙ
Индекс Ю6я44
700 #1 - ИМЯ ЛИЦА - ПЕРВИЧНАЯ ОТВЕТСТВЕННОСТЬ
Начальный элемент ввода Шрагин
Часть имени, кроме начального элемента ввода Б. И.
Даты 1926-1990
Расширение инициалов личного имени Борис Иосифович
Код отношения Автор
801 #0 - ИСТОЧНИК ЗАПИСИ
Страна Российская Федерация
Организация NLR
Дата составления 20010420
Правила каталогизации PSBO
801 #1 - ИСТОЧНИК ЗАПИСИ
Страна Российская Федерация
Организация NLR
Дата составления 20010420
830 ## - ОБЩЕЕ ПРИМЕЧАНИЕ, СОСТАВЛЕННОЕ КАТАЛОГИЗАТОРОМ
Текст примечания Авт. по кн.
942 ## - ДОПОЛНИТЕЛЬНЫЕ ЭЛЕМЕНТЫ ЗАПИСИ (АБИС)
Тип экземпляра АБИС Книга
980 ## - КОЛЛЕКЦИЯ
Название коллекции Национальная библиография
Экземпляры
Тип экземпляра Дата поступления Источник поступления Стоимость Библиотека постоянного хранения Библиотека текущего хранения Место хранения Штрих-код Статус экземпляра Шифр хранения
Книга 20.04.2001 Обязательный экземпляр   РНБ (Московский) РНБ (Московский) Русский книжный фонд: издания с 1957 года 117464   2001-5/987
Книга 20.04.2001 Обязательный экземпляр   РНБ (Московский) РНБ (Московский) Русский книжный фонд: издания с 1957 года 1-3141362   2001-5/987
Книга 17.11.2004 Покупка 300.00 РНБ (Садовая) РНБ (Садовая) Фонд международного книгообмена 1-389399 Доставлен в Фoнд